000
00341nam a2200133Ia 4500
008
100328s9999 xx 000 0 und d
082
_b
36278
100
_a
रांगणेकर कुमुदिनी
245
_a
नकळत
260
_b
अर्चना
630
_a
नकळत
730
_a
नकळत
942
_c
BOOK
999
_c
525982
_d
525979